000 00343nam a22001337a 4500
008 190222b xxu||||| |||| 00| 0 eng d
020 _a9780325011080
041 _aeng
080 _a371
100 _a25
101 _aEDU
245 _a50 essential lessons. Tools & techniques for teaching english language arts
_cBurke, J
942 _2udc
_cBK
999 _c54116
_d54116